Universities in the Netherlands with a Map - Statistics

General Stats
  • This quiz has been taken 153 times
  • The average score is 11 of 15
Answers on the Map
Answers color-coded by a green-red scale on the quiz's map according to % correct below.
 
Answer Stats
Answer % Correct
General Utrecht University
99%
General University of Amsterdam
98%
General Erasmus University Rotterdam
93%
General University of Groningen
93%
General Maastricht University
92%
Technology Eindhoven University of Technology
86%
Social science Tilburg University
80%
General Leiden University
79%
General Radboud University Nijmegen
78%
Technology Delft University of Technology
74%
Agriculture Wageningen University
61%
Technology University of Twente
49%
General Vrije Universiteit Amsterdam
45%
Private, Business Nyenrode Business University
31%
Online Open University of the Netherlands
23%
No matching quizzes found
Score Distribution
Percent of People with Each Score
Percentile by Number Answered
Your Score History
You have not taken this quiz